000 00297nam a22001337a 4500
008 210303b ||||| |||| 00| 0 eng d
020 _a9780070576957
041 _aeng
080 _a621
100 _a26
101 _aMEK
245 _aTelecommunications Protocols
_cRussell,T
942 _2udc
_cBK
999 _c55643
_d55643